EPIC: The Musical - Sagas by Song - Statistics

General Stats
  • This quiz has been taken 270 times
    229 since last reset
  • The average score is 10 of 10
Answer Stats
Hint Answer % Correct
Puppeteer Circe
100%
Storm Ocean
100%
Luck Runs Out Ocean
100%
The Horse and the Infant Troy
100%
Just a Man Troy
100%
The Underworld Underworld
100%
Wouldn't You Like Circe
98%
My Goodbye Cyclops
98%
Suffering Thunder
98%
Thunder Bringer Thunder
98%
Warrior of the Mind Troy
98%
No Longer You Underworld
98%
Monster Underworld
98%
Get in the Water Vengeance
98%
Different Beast Thunder
97%
Mutiny Thunder
97%
We'll Be Fine Wisdom
97%
There Are Other Ways Circe
96%
Survive Cyclops
96%
Full Speed Ahead Troy
96%
Legendary Wisdom
96%
Love in Paradise Wisdom
96%
Done For Circe
95%
The Challenge Ithaca
95%
Odysseus Ithaca
95%
Dangerous Vengeance
95%
God Games Wisdom
95%
Polyphemus Cyclops
94%
Hold Them Down Ithaca
94%
I Can't Help But Wonder Ithaca
94%
Would You Fall in Love With Me Again Ithaca
94%
Scylla Thunder
94%
Remember Them Cyclops
93%
Keep Your Friends Close Ocean
93%
Open Arms Troy
93%
Ruthlessness Ocean
92%
Charybdis Vengeance
92%
Not Sorry For Loving You Vengeance
91%
Six Hundred Strike Vengeance
91%
Little Wolf Wisdom
88%
No matching quizzes found
Score Distribution
Percent of People with Each Score
Percentile by Number Answered
Your Score History
You have not taken this quiz since the last reset